Mali all time starting xi - Statistics

General Stats
  • This quiz has been taken 11 times
  • The average score is 3 of 11
Answer Stats
Hint Answer % Correct
FW(2013- Adama Traoré
50%
DF(2015- Hamari Traoré
50%
MF(2000-2015 Seydou Keita
50%
DF(1998-2014 Adama Coulibaly
25%
MF(2017- Amadou Haidara
25%
FW(2004-2010 Frédéric Kanouté
25%
FW(2022- Kamory Doumbia
13%
MF(2001-2012 Mahamadou Diarra
13%
GK(1995-2010 Mahamadou Sidibé
13%
DF(2004-2015 Adama Tamboura
0%
DF(2004-2015 Drissa Diakité
0%
No matching quizzes found
Score Distribution
Percent of People with Each Score
Percentile by Number Answered
Your Score History
You have not taken this quiz